| 000 | 00617nam a22001577a 4500 | ||
|---|---|---|---|
| 999 |
_c61217 _d61217 |
||
| 005 | 20240109102649.0 | ||
| 008 | 240109s1978 ru ||||| |||| 00| 0 rus d | ||
| 041 | _arus | ||
| 080 | _a069(73):7 A-72 | ||
| 245 |
_aАнтичное искусство из музея Метрополитен / _bСоединенные Штаты Америки. Каталог выставки. |
||
| 264 |
_aМосква : _bСоветский художник, _c1978. |
||
| 300 |
_a50 с.: _bил.; _c30 см. |
||
| 653 | _aანტიკური ხელოვნება | ||
| 653 | _aმუზეუმი | ||
| 942 |
_2udc _cBK |
||